000
00282nam a2200121Ia 4500
008
191201s2012 xx 000 0 und d
100
_a
SRIVASTAVA, T.N.
245
0
_a
Statistics for Management
260
_a
N. Delhi
_b
TMH
_c
2012
300
_a
misc
650
_a
BBA
942
_2
ddc
_c
BK
999
_c
6262
_d
6262